000 00369nam a22001577a 4500
005 20251108172354.0
008 250721s1974 xx 000 0 eng d
082 1 4 _aJ/F/BEA
100 1 _aBeachcroft, Nina
245 1 0 _aUnder the Enchanter /
264 1 _aLondon :
_bGranade,
_c1974.
300 _a112 p.
650 1 7 _aFiction
942 _2ddc
_cBK
999 _c77541
_d77541